[Event "US-ch Women 2018"]
[Site "Saint Louis"]
[Date "2018.04.18"]
[Round "1"]
[White "Yu, Jennifer"]
[Black "Paikidze, Nazi"]
[Result "0-1"]
[WhiteElo "2367"]
[BlackElo "2352"]
[Annotator "TA"]
[PlyCount "60"]
[EventDate "2018.??.??"]
[EventType "tourn"]
[EventCountry "USA"]
[SourceTitle "playchess.com"]
[Source "ChessBase"]
[SourceQuality "1"]

{[%evp 10,60,10,4,14,-9,-6,-62,-60,-49,-58,-93,-94,-110,-112,-199,-191,-181,-193,-210,-167,-128,-174,-238,-216,-428,-278,-313,-281,-391,-376,-372,-288,-263,-274,-384,-366,-507,-327,-349,-243,-356,-291,-446,-454,-657,-697,-1147,-1109,-1150,-1116,-1108,-1086]} 1. d4 Nf6 2. Nc3 d6 3. e4 g6 4. Be2 Bg7 5. Bf4 O-O 6. Nf3 {LiveBook: 15 Games} Nbd7 {B08: Pirc Defence: Classical System} (6... Nc6 7. O-O Bg4 8. d5 Bxf3 9. Bxf3 Na5 10. Be2 Nd7 11. Bd2 c5 12. Qe1 a6 13. Nd1 b6 14. Rb1 {1-0 (59) Aronian,L (2789)-Nepomniachtchi,I (2751) chess.com INT 2017}) 7. h3 c5 {...cxd4 is the strong threat.} 8. d5 (8. Be3 $11) 8... b5 $1 $15 {Black is slightly better.} 9. Nxb5 $146 ({Predecessor:} 9. Bxb5 Nxe4 10. Nxe4 Qa5+ 11. Nfd2 Qxb5 12. Rb1 {0-1 (36) Dausch,R (2373)-Zueger,B (2436) Germany 2009}) 9... Nxe4 {White must now prevent ...a6.} 10. c3 Nb6 11. Qc2 Bf5 12. g4 {[#]} (12. Bd3 $17 {keeps fighting.} Nxd5 13. Bxe4 Nxf4 14. Bxf5 gxf5 15. Qxf5) 12... Nxf2 $1 $19 {[%mdl 512]} 13. gxf5 (13. Kxf2 Bxc2) 13... Nxh1 14. c4 a6 15. Nc3 {[#]} e6 $1 16. dxe6 (16. Kf1 $142) 16... fxe6 17. Ne4 $2 (17. Bg5 Bf6 18. Bxf6 Rxf6 19. fxg6) 17... exf5 18. Nxd6 Qe7 19. Kf1 {[#]} g5 $1 20. Nxg5 Ng3+ 21. Bxg3 Qxg5 22. Bh2 (22. Bf2 $142) 22... Rad8 ({Not} 22... Qe3 23. Qb3 $19) 23. Bf3 f4 24. Ne4 Qg6 25. h4 (25. Bg1 {might work better.}) 25... Qf5 {And now ...Nd7 would win.} 26. Kg2 (26. Rc1 $142) 26... Nd7 {[%cal Bb6d7,Bd7e5,Be5f3][%mdl 32] Threatens to win with ...Ne5.Black is clearly winning.} 27. Rg1 (27. Qe2 $142) 27... Ne5 28. Qf2 Rd3 29. Ng5 Nxf3 30. Nxf3 Qg4+ {Precision: White = 24%, Black = 88%.} 0-1

[Event "US-ch Women 2018"]
[Site "Saint Louis"]
[Date "2018.04.18"]
[Round "1"]
[White "Abrahamyan, Tatev"]
[Black "Foisor, Sabina-Francesca"]
[Result "1/2-1/2"]
[WhiteElo "2366"]
[BlackElo "2308"]
[Annotator "TA"]
[PlyCount "57"]
[EventDate "2018.??.??"]
[EventType "tourn"]
[EventCountry "USA"]
[SourceTitle "playchess.com"]
[Source "ChessBase"]
[SourceQuality "1"]

{[%evp 22,57,34,-8,68,50,61,73,68,80,79,77,70,58,103,0,0,0,35,36,29,0,0,0,0,0,0,0,0,0,0,0,0,0,0,0,0,0]} 1. e4 c6 2. d4 d5 3. Nc3 dxe4 4. Nxe4 Bf5 5. Ng3 Bg6 6. h4 h6 7. Nf3 e6 8. Ne5 Bh7 9. Bd3 Bxd3 10. Qxd3 Nd7 {B19: Classical Caro-Kann: 4...Bf5 main line} 11. f4 Be7 12. h5 {LiveBook: 6 Games} (12. Bd2 Nxe5 13. fxe5 Bxh4 14. O-O-O Bxg3 15. Qxg3 Ne7 16. Qxg7 Rg8 17. Qf6 Nf5 18. Bxh6 Qxf6 19. exf6 {½-½ (32) Hou,Y (2680)-Karjakin,S (2753) Wijk aan Zee 2018}) 12... Nxe5 (12... Ngf6 $11) 13. fxe5 $14 Bh4 $146 ({Find the theoretical novelty and annotate with similar games:} 13... c5 14. Be3 Qa5+ 15. c3 Rd8 16. O-O cxd4 17. Bxd4 Qxe5 18. Rxf7 Bc5 19. Rxb7 Bxd4+ 20. cxd4 Qxd4+ 21. Qxd4 Rxd4 22. Rc1 Nf6 23. Rc8+ {1-0 (23) Ivanov,O (2450)-Ivanov,P (2169) Moscow 2018}) 14. c3 Bxg3+ 15. Qxg3 Ne7 16. Qxg7 Rg8 {[%cal Bh8g8,Bg8g2,Bg2h2][%mdl 32]} 17. Qxh6 Qd5 {[#]} 18. Bd2 (18. Rh2 $1 $16) 18... Nf5 $11 19. Qf4 Rxg2 20. O-O-O $1 Qxa2 21. Rh2 Qa1+ {The position is equal.} 22. Kc2 Qa4+ 23. Kc1 {[#]} Ne3 $1 {[%mdl 512]} 24. Qxe3 (24. Bxe3 Qc2#) 24... Rxh2 25. Qg3 Qa1+ 26. Kc2 Qa4+ 27. Kc1 Qa1+ 28. Kc2 Qa4+ 29. Kc1 {Precision: White = 45%, Black = 51%.} 1/2-1/2

[Event "US-ch Women 2018"]
[Site "Saint Louis"]
[Date "2018.04.18"]
[Round "1"]
[White "Wang, Annie"]
[Black "Feng, Maggie"]
[Result "1-0"]
[WhiteElo "2321"]
[BlackElo "2243"]
[Annotator "TA"]
[PlyCount "139"]
[EventDate "2018.??.??"]
[EventType "tourn"]
[EventCountry "USA"]
[SourceTitle "playchess.com"]
[Source "ChessBase"]
[SourceQuality "1"]

{[%evp 15,139,27,18,12,18,0,0,0,41,0,0,0,0,-9,0,0,-22,-33,-33,-33,-32,-43,-31,-40,-32,-44,-12,-12,-12,-12,-10,-14,-14,-23,0,0,0,-66,-10,-34,0,-2,0,0,0,0,137,133,98,104,120,122,116,110,272,250,276,229,616,220,279,279,279,279,279,266,279,279,452,442,448,401,452,440,568,568,739,743,758,657,652,652,665,639,760,743,667,574,603,497,694,483,832,485,6132,6211,5812,5611,6207,5820,9287,1124,5612,2347,29971,29974,29982,29984,29984,29985,29985,29986,29987,29987,29987,29987,29988,29989,29990,29991,29992,29993,29993,29994,29994,29995]} 1. d4 e6 2. c4 Bb4+ 3. Bd2 a5 4. g3 d6 5. Nf3 Nd7 6. Bg2 Ngf6 7. O-O e5 8. Be3 O-O {LiveBook: 25 Games. E11: Bogo-Indian} 9. dxe5 $146 ({Find the theoretical novelty and annotate with similar games:} 9. Qc2 exd4 10. Bxd4 Re8 11. Nc3 c6 12. Rad1 Qe7 13. a3 Bc5 14. Rfe1 h6 15. e4 Bxd4 16. Nxd4 {½-½ (70) Postny,E (2616)-Van Wely,L (2685) Novi Sad 2016}) 9... dxe5 10. Qc2 Qe7 {The position is equal.} 11. Nc3 c6 12. Rad1 Bc5 13. Bc1 h6 14. Nd2 Nb6 15. Nb3 Bb4 $1 16. c5 a4 17. cxb6 {[#] Black must now prevent Nd2.} axb3 18. axb3 Ra6 19. Na4 Be6 20. Bd2 Rfa8 21. Bxb4 Qxb4 22. Nc5 Rxb6 {[%cal Re6b3]} 23. Nxe6 fxe6 24. Rd3 e4 25. Re3 {[%cal Rg2e4]} Rd8 26. Rd1 (26. Bxe4 $11 Rd2 27. Qc1) 26... Rd5 (26... Rxd1+ $1 $15 27. Qxd1 Rb5) 27. Ra1 Rd2 (27... Ra6 {NOTEXT} 28. Rc1 Rd4 29. Qb1 Rb6 30. Rc4 Rxc4 31. bxc4 Qxb2 32. Qxb2 Rxb2 33. Bxe4 Kf7) 28. Qc1 Qd4 29. Bxe4 $1 Nxe4 {[#]} 30. Rxe4 $1 {[%mdl 512]} Qxb2 (30... Qxe4 $11 {keeps the balance.} 31. Qxd2 Rxb3) 31. Ra8+ $16 Kh7 32. Qxb2 Rxb2 33. Rxe6 R2xb3 {[%mdl 4096] Endgame KRR-KRR} 34. Rc8 R6b5 $2 (34... c5 $16 35. Rxb6 Rxb6) 35. Rc7 $18 Rg5 36. Ree7 b5 $2 (36... Rb4 37. e4 (37. Rxb7 Rxb7 38. Rxb7 Re5 $16) 37... Rb2) 37. Rxc6 $2 (37. f4) 37... b4 38. Rb6 Rb1+ 39. Kg2 b3 40. Re3 Rd5 41. Rbxb3 Re1 $2 (41... Rb5 {keeps fighting.}) 42. Re7 Rd2 43. Kf3 Rd6 44. Rbb7 Rg6 45. Kg2 Rc1 46. f4 Rcc6 47. Kf3 h5 48. Re5 Rh6 49. Rg5 Rcg6 50. Rxg6 Rxg6 {KR-KR} 51. Rb5 Rh6 52. h3 {[%cal Bh2h3,Bh3g4][%mdl 32]} Kg8 53. g4 hxg4+ (53... h4 $142 54. e4 Kf7) 54. hxg4 Kf7 (54... Rh1 $142 55. e4 Rh3+ 56. Kf2 Ra3 57. Rb8+ Kh7) 55. Rb7+ Kf8 56. f5 Rh1 57. e4 Rf1+ 58. Kg3 Re1 59. Kf4 Rf1+ 60. Kg5 {White mates.} Re1 61. Kg6 Rxe4 62. g5 Rf4 63. Rf7+ Ke8 64. Rxg7 Kf8 65. Ra7 Rb4 66. f6 {[%cal Bf5f6,Bf6f7][%mdl 32]} Rb8 67. Rh7 {[%cal Rh7h8]} Kg8 68. f7+ Kf8 69. Rh8+ Ke7 70. Rxb8 {Precision: White = 72%, Black = 32%.} 1-0

[Event "US-ch Women 2018"]
[Site "Saint Louis"]
[Date "2018.04.18"]
[Round "1"]
[White "Derakhshani, Dorsa"]
[Black "Sharevich, Anna"]
[Result "1/2-1/2"]
[WhiteElo "2306"]
[BlackElo "2281"]
[Annotator "TA"]
[PlyCount "60"]
[EventDate "2018.??.??"]
[EventType "tourn"]
[EventCountry "USA"]
[SourceTitle "playchess.com"]
[Source "ChessBase"]
[SourceQuality "1"]

{[%evp 9,60,-8,14,18,85,77,85,81,112,109,114,124,150,109,115,111,187,187,183,183,200,80,105,64,74,49,29,41,46,26,47,20,26,21,22,24,27,25,24,16,16,15,20,10,16,0,0,0,0,0,0,0,0]} 1. e4 c6 2. d4 d5 3. f3 g6 4. c3 Bg7 5. Bf4 dxe4 $146 ({Predecessor:} 5... Qb6 6. Qb3 Be6 7. Qxb6 axb6 8. Nd2 Nd7 9. Bd3 O-O-O 10. Ne2 dxe4 11. fxe4 Bg4 12. h3 Bxe2 13. Bxe2 {0-1 (32) Mitkov,N (2495)-Azmaiparashvili,Z (2625) Moscow 1994}) 6. fxe4 {B12: Caro-Kann: Advance Variation} e5 (6... Nf6 $11 {keeps the balance.}) 7. dxe5 $16 Qxd1+ 8. Kxd1 {White is better.} Be6 9. Nf3 Nd7 10. Nbd2 {[%cal Bb1d2,Bd2c4,Bc4d6][%mdl 32]} h6 11. Nc4 g5 12. Bg3 Ne7 (12... g4 $16) 13. Nd6+ $18 Kf8 14. Kc2 Rb8 15. Nd4 (15. Bc4 $18 {is more deadly.}) 15... Ng6 $16 16. Be2 {Hoping for Rhf1.} Bxe5 17. Nxe6+ fxe6 18. Rhf1+ Nf4 19. Nc4 {[#] Threatens to win with Rad1.} Bc7 $1 20. e5 Ke7 21. Bxf4 gxf4 22. Rxf4 b5 23. Raf1 {[#] Black must now prevent Rf7+.} Rbf8 24. Rxf8 (24. Nd6 {with more complications.} Nxe5 25. Ne4 Rhg8 26. Rxf8 Rxf8 27. Rxf8 Kxf8 28. Kb3) 24... Rxf8 {The position is equal.} 25. Rxf8 Kxf8 $11 {KBN-KBN} 26. Ne3 Nxe5 27. Ng4 Nxg4 28. Bxg4 Bxh2 29. Bxe6 Ke7 30. Bg4 Kd6 {Precision: White = 34%, Black = 57%.} 1/2-1/2

[Event "US-ch Women 2018"]
[Site "Saint Louis"]
[Date "2018.04.18"]
[Round "1"]
[White "Goletiani, Rusudan"]
[Black "Zatonskih, Anna"]
[Result "1/2-1/2"]
[WhiteElo "2306"]
[BlackElo "2444"]
[Annotator "TA"]
[PlyCount "100"]
[EventDate "2018.??.??"]
[EventType "tourn"]
[EventCountry "USA"]
[SourceTitle "playchess.com"]
[Source "ChessBase"]
[SourceQuality "1"]

{[%evp 19,100,0,0,0,0,0,0,-26,3,0,36,37,37,31,39,-5,39,39,41,30,50,48,34,-72,-53,-41,-70,-240,-120,-331,-285,-426,-56,-235,-213,-237,-212,-228,-218,-241,-239,-239,-239,-239,-235,-259,-23,-506,-566,-551,-70,-599,-599,-520,-77,-84,0,-516,-72,-173,-27,-107,-8,-8,-12,-29,0,0,0,0,0,0,0,0,0,0,0,0,0,0,0,0,0]} 1. c4 e6 2. Nf3 Nf6 3. g3 d5 4. b3 d4 5. e3 (5. Bg2 Nc6 6. O-O e5 7. d3 Bc5 8. b4 Nxb4 9. Nxe5 O-O 10. a3 Na6 11. Nd2 Re8 12. Nef3 Bd6 {½-½ (37) Kasparov,G (2812)-So,W (2773) Saint Louis 2016}) 5... c5 6. Bg2 {A13: English Opening: 1...e6} Nc6 7. exd4 cxd4 8. O-O Bd6 9. Re1 O-O 10. d3 e5 {LiveBook: 5 Games} 11. Bg5 h6 12. Bxf6 $1 Qxf6 13. Nbd2 $146 Qd8 14. a3 a5 15. c5 Bc7 16. Nc4 {[%cal Rf3e5]} f6 17. Rb1 Na7 {[%cal Bc6a7,Ba7b5,Bb5c3][%mdl 32]} 18. Nh4 Nb5 19. Qh5 Nc3 20. Rbc1 Qe8 21. Qf3 (21. Qxe8 $14 {stays ahead.} Rxe8 22. f4 $1 {[%mdl 512]}) 21... f5 $1 $36 {[%mdl 2048] White is under pressure.} 22. Rxc3 dxc3 23. Qd5+ $2 (23. Qe3 $15) 23... Kh7 (23... Be6 $1 $19 {[%cal Re6d5]} 24. Qxb7 Qf7 25. Nxe5 Bxe5 26. Rxe5 Rae8) 24. Nxe5 $2 (24. Rc1 $17) 24... Bxe5 $19 25. Nf3 (25. Qxe5 {is a better defense.} Qxe5 26. Rxe5) 25... c2 $2 (25... Bf6 $19 26. Rxe8 Rxe8) 26. Nxe5 $2 (26. Qxe5 $15 Qxe5 27. Nxe5) 26... Be6 $1 {[%cal Re6d5]} 27. Qd4 Bxb3 28. Bxb7 Rb8 29. c6 Qe7 30. Qc3 {Strongly threatening Nd7.} Rxb7 ({Stronger than} 30... Qxa3 31. Nd7 $11) 31. cxb7 Qxb7 32. Qxa5 Rc8 $2 ({Black should play} 32... Rb8 $19 {And now ...Bd5 would win.} 33. Qc3 Ba4) 33. Nc4 $2 {[%mdl 8192]} (33. Rc1 $1 $11 {and White is okay.}) 33... Bxc4 34. dxc4 Rxc4 $2 {[%mdl 4096] Endgame KQR-KQR} ({Better is} 34... Qd7 $1 $19 35. Rc1 Rxc4) 35. Rc1 $2 {[%mdl 8192]} ({Only move:} 35. Qd2 $15) 35... Qd7 $1 36. Kg2 Qc6+ $2 (36... Qd3 $19 37. Qe1 Re4) 37. Kg1 $17 Qd7 $2 {[%mdl 8192]} (37... Qe4 $17 38. Qd2 Rc6) 38. Kg2 $1 $19 f4 $2 (38... Qd3 $1 $19 {and Black stays clearly on top.} 39. Qe5 Rc3) 39. Qe5 {[#]} (39. f3 $17) 39... Qc6+ ({Black should try} 39... f3+ $1 $19 {[%mdl 512]} 40. Kxf3 Qc6+ 41. Ke3 Kg8 42. Qb8+ Kf7) 40. Kg1 (40. f3 $11) 40... f3 (40... Re4 $17 41. Qf5+ Kg8) 41. Qf5+ $11 Kg8 42. h4 Rc5 43. Qd3 {The position is equal.} Rc3 44. Qd2 Qc8 45. Kh2 Kh8 46. a4 Rc4 47. a5 Qc7 48. Kg1 Qc8 {( -> ...Rxh4!)} 49. Kh2 (49. a6 {[#] gets mated.} Rxh4 $1 {[%mdl 512]} 50. Qd8+ Qxd8 51. gxh4 Qxh4 52. Rxc2 Qh3 53. Rc8+ Kh7 54. Rh8+ Kxh8 55. a7 Qg2#) 49... Qc7 50. Kg1 Qc8 {Precision: White = 39%, Black = 37%.} 1/2-1/2

[Event "US-ch Women 2018"]
[Site "Saint Louis"]
[Date "2018.04.18"]
[Round "1"]
[White "Gorti, Akshita"]
[Black "Krush, Irina"]
[Result "1/2-1/2"]
[WhiteElo "2252"]
[BlackElo "2422"]
[Annotator "TA"]
[PlyCount "140"]
[EventDate "2018.??.??"]
[EventType "tourn"]
[EventCountry "USA"]
[SourceTitle "playchess.com"]
[Source "ChessBase"]
[SourceQuality "1"]

{[%evp 24,140,30,20,19,16,34,25,55,42,36,18,36,37,42,9,66,7,27,30,27,13,4,0,0,0,0,0,0,-8,-17,-39,-5,-24,-4,-10,0,-36,-24,-23,-16,-17,-23,-73,-73,-349,-336,-464,-194,-180,-121,-128,-116,-116,-121,-124,-125,-170,-150,-139,-131,-135,-98,-82,-81,-85,-90,-88,-85,-93,-91,-96,-75,-82,-85,-157,-27,-19,-18,-145,-32,-38,-25,-42,-29,-11,-14,-27,-28,-125,-122,-229,-244,-314,-177,-176,-8,-8,-8,-8,-8,-238,-8,-8,-8,-8,-8,-8,0,0,0,0,0,0,0,0,0,0,0]} 1. Nf3 Nf6 2. e3 d5 3. c4 e6 4. b3 c5 5. Bb2 Nc6 6. cxd5 exd5 7. Bb5 Bd6 8. O-O O-O {A13: English Opening: 1...e6} 9. d4 Bg4 10. dxc5 Bxc5 11. Bxc6 bxc6 12. Nbd2 (12. Qc2 Ne4 13. Nbd2 Nxd2 14. Nxd2 Bb6 15. h3 Be6 {½-½ (62) Andreikin,D (2712)-Anand,V (2776) Moscow 2018}) 12... Bd6 13. Qc2 {[#] LiveBook: 4 Games} Bd7 $146 ({Predecessor:} 13... c5 14. Qd3 Be7 15. Ne5 Rc8 16. Nxg4 Nxg4 17. h3 Bf6 18. hxg4 Bxb2 {1-0 (65) Zhou,J (2578)-Adhiban,B (2646) Hyderabad 2015}) 14. e4 Be7 15. Rad1 h6 16. Rfe1 Rc8 17. h3 Re8 18. Ne5 Bb4 19. Re3 Bf8 (19... Be6 $11) 20. Ndf3 (20. Nxd7 $14 Nxd7 21. Rc3) 20... Qb6 21. Nxd7 Nxd7 22. Re2 Qa6 23. Rde1 Bb4 24. Bc3 Bxc3 25. Qxc3 Nf6 {[%cal Re8e4]} 26. e5 Ne4 27. Qc2 Qb6 28. Rc1 a5 {[%cal Ba7a5,Ba5a4][%mdl 32]} 29. Qd3 Red8 30. Rec2 c5 31. Qe3 Re8 32. Qd3 Rcd8 33. h4 {[#]} a4 $1 {[%mdl 512]} 34. Nd2 $2 {[%mdl 8192] [#]} (34. Qe3 $17) (34. bxa4 c4) 34... Nxf2 $1 $19 {[%mdl 512]} 35. Qe3 {[#]} (35. Kxf2 c4+) 35... Ng4 (35... Nd3 $142 $1 {[%mdl 512]} 36. Nf3 (36. Qxd3 c4+) 36... axb3 37. axb3 Nxc1 38. Rxc1 d4) 36. Qxc5 Qxc5+ (36... Qg6 $19 37. Nf3 axb3 38. axb3 Nxe5 39. Nxe5 Rxe5) 37. Rxc5 $17 axb3 38. axb3 Nxe5 39. Ra5 Nd3 40. Rc3 Re1+ 41. Kh2 Nf4 42. Rf3 g5 43. Rf2 Rde8 {...R1e2 is the strong threat.} 44. hxg5 hxg5 45. Nf3 R1e2 46. Ra2 f6 47. Nd4 R2e7 48. Rf1 Kf7 49. g3 (49. b4 $142) 49... Ne6 ({Black should try} 49... Ne2 $17 50. Nf5 Rd7) 50. Nf5 $11 Rd7 {next ...Kg6 is good for Black.} 51. Raf2 (51. Nh6+ $1 $11 Kg7 52. Ng4) 51... Kg6 (51... d4 $17 {Hoping for ...d3.} 52. Nh6+ Kg7 53. Nf5+ Kg6) 52. Ne3 $15 Nf4 53. gxf4 Rxe3 54. fxg5 fxg5 $11 {[%mdl 4096] Endgame KRR-KRR} 55. b4 Rb3 56. Rf6+ (56. Rf8 $1 $11 {remains equal.}) 56... Kh5 $17 57. Rb6 (57. R1f3 $17 {might work better.} Rxb4 58. Rf8) 57... d4 $19 58. b5 Rd5 (58... d3 $142 59. Rd1 Kg4 60. Rg1+ Kf4 61. Rf6+ Ke3) 59. Rd1 Re5 $2 (59... Kg4 $19 60. Rg1+ Kh5) 60. Rd2 $11 d3 {aiming for ...Kg4.} 61. Kg2 Kg4 {White must now prevent ...Kf4.} 62. Rb8 $2 {[#]} (62. Rd6 $1 $11 {and White has nothing to worry.}) 62... Rc5 $2 (62... Kf4 $1 $19 {[%cal Rf4e3] And now ...Ke3 would win.} 63. Rd1 Rb2+ 64. Kf1 Rf5) 63. Rd8 {The position is equal.} Rc2 {[#]} ({Much less strong is} 63... Rbxb5 64. R2xd3 Rb2+ 65. Rd2 $17) 64. R8xd3 $1 {[%mdl 512] Threatens to win with Rd4+.} Rxd2+ (64... Rxd3 65. Rxc2) 65. Rxd2 Rxb5 {KR-KR} 66. Rd4+ Kf5 67. Kf2 g4 68. Kg3 Rb3+ 69. Kg2 Kg5 70. Rd8 Rb2+ {Precision: White = 41%, Black = 33%.} 1/2-1/2

[Event "US-ch Women 2018"]
[Site "Saint Louis"]
[Date "2018.04.19"]
[Round "2"]
[White "Zatonskih, Anna"]
[Black "Yu, Jennifer"]
[Result "1-0"]
[WhiteElo "2444"]
[BlackElo "2367"]
[Annotator "TA"]
[PlyCount "93"]
[EventDate "2018.??.??"]
[EventType "tourn"]
[EventCountry "USA"]
[SourceTitle "playchess.com"]
[Source "ChessBase"]
[SourceQuality "1"]

{[%evp 14,93,51,43,74,62,64,36,64,58,36,52,75,77,92,94,106,69,59,62,68,63,58,59,57,65,73,68,152,147,159,157,156,143,181,184,270,254,390,373,323,323,323,325,450,431,434,426,422,411,558,558,696,683,878,387,377,329,292,251,268,370,502,451,482,481,620,560,564,488,539,522,1759,1929,1867,1750,2856,2777,6713,6379,2484,2520]} 1. d4 d5 2. c4 c6 3. Nf3 Nf6 4. e3 a6 5. Bd3 e6 6. b3 {D30: Queen's Gambit Declined: Systems without Nc3} (6. O-O dxc4 7. Bxc4 c5 8. Bb3 Be7 9. Nc3 O-O 10. e4 Nc6 11. dxc5 Nd7 12. Na4 Nxc5 13. Nxc5 Bxc5 14. Bg5 Be7 15. Bf4 Qa5 16. Qe2 Bd7 {0-1 (39) Bogner,S (2602)-Sengupta,D (2533) Leiden 2014}) 6... Nbd7 7. O-O Bd6 8. Bb2 {LiveBook: 17 Games. White is slightly better.} Qc7 9. Nbd2 O-O 10. e4 $146 (10. c5 {with more complications.} Be7 11. Qc2 b6 12. cxb6 Nxb6 13. Ne5) ({Predecessor:} 10. Rc1 Qb8 11. e4 dxe4 12. Nxe4 Nxe4 13. Bxe4 {½-½ (13) Leal,P (2172)-Gonzalez,B (2292) Sao Paulo 2009}) 10... dxe4 11. Nxe4 Nxe4 12. Bxe4 f5 13. Bc2 e5 {Threatening ...e4.} 14. c5 Be7 15. b4 (15. Nxe5 Nxe5 16. dxe5 Bxc5 $14) 15... e4 16. d5 cxd5 $1 17. Qxd5+ Kh8 18. Ne5 Nxe5 $1 19. Bxe5 Qd7 20. Bb3 $36 {[%mdl 2048] Black is under pressure.} Qxd5 (20... a5 $1 $14) 21. Bxd5 $16 Bf6 22. Bxf6 Rxf6 23. Rfd1 {Threatens to win with c6!} g6 24. f3 exf3 (24... e3 {keeps fighting.} 25. f4 a5) 25. Bxf3 $18 (25. gxf3 Rb8 $16) 25... Rf8 (25... Kg7 $142 26. Rd8 Rf8) 26. Rd6 Kg7 27. Re1 Rf7 28. a4 {[%cal Ba2a4,Ba4a5][%mdl 32]} Ra7 29. Bd5 Rc7 30. a5 f4 31. Re8 Bf5 32. Kf2 Kh6 33. Kf3 Kg5 {[#]} 34. Be4 (34. h4+ $142 $1 {[%mdl 512]} Kh6 (34... Kxh4 35. Kxf4) 35. Kxf4) 34... Bxe4+ 35. Rxe4 {[%mdl 4096] Endgame KRR-KRR} Ra8 36. Rd5+ ({Weaker is} 36. Rxf4 Re8 $16) 36... Kh6 37. Red4 ({But not} 37. Kxf4 $6 Rf8+ 38. Kg3 Rf1 $16) ({Resist} 37. Rxf4 $6 Re8 $16) 37... g5 38. Kg4 {White is clearly winning.} Rg8 39. Rd7 Rc6 40. Rxb7 Kg6 41. Rb6 h5+ 42. Kf3 Rxb6 43. axb6 Rb8 {[#]} 44. h4 $1 {[%mdl 512]} gxh4 45. Rxf4 Kg5 46. Rc4 Rf8+ 47. Ke4 {Precision: White = 85%, Black = 39%.} 1-0

[Event "US-ch Women 2018"]
[Site "Saint Louis"]
[Date "2018.04.19"]
[Round "2"]
[White "Krush, Irina"]
[Black "Derakhshani, Dorsa"]
[Result "1-0"]
[WhiteElo "2422"]
[BlackElo "2306"]
[Annotator "TA"]
[PlyCount "133"]
[EventDate "2018.??.??"]
[EventType "tourn"]
[EventCountry "USA"]
[SourceTitle "playchess.com"]
[Source "ChessBase"]
[SourceQuality "1"]

{[%evp 16,133,23,10,29,24,34,18,38,4,2,-6,0,0,0,-18,-12,-75,-64,-94,-85,-95,-89,-122,-97,-112,-120,-120,-111,-132,-120,-355,-361,-357,-355,-365,-360,-356,-359,-346,-205,-274,-266,-285,-285,-281,-290,-288,-282,-285,-238,-382,-377,-370,-171,-436,-345,-326,-183,-153,59,35,156,156,156,156,156,156,156,142,147,144,210,195,195,195,195,195,195,172,195,195,195,195,195,195,195,195,195,195,195,195,195,195,195,195,765,708,695,219,282,195,202,195,29966,29967,29968,29970,29976,29977,29977,29978,29979,29980,29980,29981,29981,29982,29981,29982]} 1. Nf3 Nf6 2. g3 g6 3. Bg2 Bg7 4. c4 c6 5. d4 d5 6. Nbd2 O-O 7. O-O Qb6 8. b3 {D78: Fianchetto Grünfeld: 6 0-0 c6} Bf5 9. Bb2 {LiveBook: 3 Games} Rd8 10. Rc1 {White has an edge.} (10. Nh4 Be6 11. Qc2 Na6 12. Rac1 Rac8 13. Qb1 Ne4 14. Bxe4 dxe4 15. Nxe4 Bxd4 16. Bxd4 Qxd4 17. Rfd1 Qg7 18. Ng5 Qf6 19. Nxe6 Qxe6 20. Qb2 Rd6 21. Rd2 {½-½ (21) Karjakin,S (2773)-Smirnov,A (2508) Tbilisi 2017}) 10... Ne4 11. e3 Nd7 $146 {[%cal Bb8d7,Bd7c5,Bc5d3][%mdl 32]} ({Predecessor:} 11... Qa5 12. Nxe4 Bxe4 13. a4 Nd7 14. Bc3 Qc7 15. cxd5 Bxd5 {0-1 (56) Southam,D (2130)-Plotkin,V (2237) Toronto 2010}) 12. Qe2 Qa6 13. a3 Ndc5 14. Nxe4 dxe4 15. Nd2 Nd3 16. Rb1 (16. g4 $11 {keeps the balance.}) 16... Nxb2 $17 17. Rxb2 c5 $36 {[%mdl 2048] Black has strong initiative.} 18. Nxe4 cxd4 19. exd4 Qxa3 20. Ra2 Qb4 21. d5 Qxb3 22. Nc5 Qb4 23. Nxb7 $2 (23. Ne4 $17) 23... Qxb7 $19 24. d6 Qc8 25. dxe7 Re8 26. Bxa8 Qxa8 27. Rd1 Be6 (27... Bh3 $142 {[%csl Gh3][%cal Ra8g2]} 28. Rd5 Bf6) 28. Rad2 Qb7 29. c5 Bf6 (29... Rxe7 30. Rd8+ Bf8 31. Qe5 $17) ({Much less strong is} 29... Qxe7 30. c6 $19) 30. Rd8 Qxe7 31. Rxe8+ Qxe8 32. Qf3 Be5 33. Qb7 (33. h4 $142) 33... Qa4 34. Re1 Bd4 {[#]} (34... Qa5 $142 35. Qe4 (35. Qa8+ $2 Kg7 $19) 35... Bd4 $1 {[%mdl 512]}) 35. Qe4 $2 (35. Rxe6 $1 {[%mdl 512]} fxe6 36. Qe7) 35... Qc4 36. c6 Bd5 (36... Qc3 $142 37. Rd1 Bb6) 37. Qf4 {Threatens to win with c7.} Qc3 $2 (37... Bxc6 $17 {Strongly threatening ...Qd5.} 38. Rc1 Qa4 39. Rxc6 Bxf2+ 40. Qxf2 Qxc6 41. Qxa7 Qc1+ 42. Kg2 Qc6+ 43. Kg1 Qc3 44. Qa8+ Kg7) 38. Rc1 $14 Qf3 (38... Qb2 $14 39. c7 Bxf2+ 40. Kf1 Bg2+ $1 {[%mdl 512]} 41. Kxg2 Be3+ 42. Kf3 Qxc1) 39. Qxf3 $16 Bxf3 40. c7 Bb7 41. c8=Q+ Bxc8 42. Rxc8+ {[%mdl 4096] Endgame KR-KB} Kg7 43. g4 g5 (43... Kf6 $16 {is a better defense.} 44. Kg2 Ke5) 44. Kf1 h5 45. gxh5 Kh6 46. Rf8 f6 47. Rh8+ Kg7 48. Rd8 Be5 49. h3 Kh6 50. Rh8+ Kg7 51. Ra8 Kh6 52. Rxa7 Kxh5 53. Ra8 Kg6 54. Ke2 Kf5 55. Kf3 Bd4 $2 (55... Kg6 56. Ke4 Bh2 57. Rg8+ Kf7) 56. Ra4 $18 Bc3 57. Rc4 $2 (57. h4 {Hoping for h5.} gxh4 58. Rxh4) 57... Be5 58. Rc5 Kg6 59. Ke4 Bf4 $2 {[#]} (59... Bd6 $18 60. Rc8 Bh2) 60. h4 $1 {[%cal Rh4g5] White mates.} Bd2 61. hxg5 Bxg5 62. f4 {[%cal Bf2f4,Bf4f5][%mdl 32]} Bh4 63. f5+ Kg5 64. Rc8 Kg4 65. Rg8+ Bg5 66. Rg6 Kh4 67. Kd5 {Precision: White = 53%, Black = 40%.} 1-0